Biblioteca

Ganadores de hombres / C. H. Spurgeon (Registro nro. 36600)

Detalles MARC
000 -LÍDER
Campo fijo de descripción fija 004860000a22001810004500
020 ## - NÚMERO INTERNACIONAL NORMALIZADO PARA LIBROS
Número Internacional Normalizado del libro 84-7228-894-3
041 0# - CÓDIGO DE IDIOMA
Código de idioma para texto/pista de sonido o título separado
082 04 - NÚMERO DE CLASIFICACIÓN DECIMAL DEWEY
Número de clasificación G 253.1 S7723g
001 - NÚMERO DE CONTROL
Campo de control 6327
100 1# - ASIENTO PRINCIPAL--NOMBRE PERSONAL
Nombre personal Spurgeon, C. H. (Charles Haddon) (1834-1892)
245 10 - TÍTULO
Título del Material Ganadores de hombres / C. H. Spurgeon
260 ## - PUBLICACIÓN, DISTRIBUCIÓN, ETC. (PIE DE IMPRENTA)
Lugar de publicación, distribución, etc. Terrassa, Barcelona, España : CLIE
300 ## - DESCRIPCIÓN FÍSICA
Extensión 281 Pag
336 ## - CONTENT TYPE
Content type term texto
Content type code txt
Source rdacontent
337 ## - MEDIA TYPE
Source rdamedia
Media type term sin mediación
Media type code n
338 ## - CARRIER TYPE
Source rdacarrier
Carrier type term volumen
Carrier type code nc
942 ## - TIPO DE MATERIAL (KOHA)
Tipo de Item KOHA Libros General
Existencias
Estado de Material Estado de Perdido Estado de Dañado No para Préstamo Colección Tomo Biblioteca de Origen Biblioteca Permanente Fecha de Adquisición Total de Préstamos Signatura Topográfica Código de Barras Última vez visto Última vez Préstado Ejemplar/Existencia Fecha de Remplazo Tipo de Material
        Colección General   Biblioteca FUSBC Biblioteca FUSBC 29/12/2004 2 G 253.1 S7723g 5243 12/12/2019 03/06/2017 1 26/01/2016 Libros General

Biblioteca FUSBC | Teléfono: (57+4) 349 88 10 Ext. 141| WhatsApp (+57) 3005338115 
E-mail: biblioteca@unisbc.edu.co | Calle 76 87-14 Robledo Palenque, Medellín, Colombia

Con tecnología Koha